Kluby piłkarskie Saksonii i Saksonii-Anhaltu - nagła śmierć - Statystyki

Ogólne statystyki
  • Ten quiz został rozwiązany 23 razy
  • Średni wynik to 4 z 10
Answers on the Grid
Answers color-coded by a green-red scale on the quiz's grid according to % correct below.
RB Lipsk
SV Drochtersen/Assel
1. FC Magdeburg
TSV Havelse
Dynamo Drezno
Energie Cottbus
FC Erzgebirge Aue
1. FSV Mainz 05
FSV Zwickau
Chemnitzer FC
SC Paderborn 07
BSG Chemie
1. FC Lokomotive
BSG Wismut Gera
Hallescher FC
FSV Budissa Bautzen
 
Statystyki odpowiedzi
Odpowiedź % Poprawnych
Dynamo Drezno
88%
RB Lipsk
75%
Chemnitzer FC
50%
FSV Zwickau
50%
FC Erzgebirge Aue
38%
1. FC Magdeburg
25%
FSV Budissa Bautzen
25%
Hallescher FC
13%
1. FC Lokomotive
0%
BSG Chemie
0%
Nie znaleziono quizów pasujących do podanych kryteriów
Rozkład punktacji
Procent ludzi z każdym wynikiem
Percentyl według liczby udzielonych odpowiedzi
Twoja historia wyników
Nie rozwiązałeś tego quizu